[Event "FRA-chT Top 12 2019"]
[Site "Brest"]
[Date "2019.05.18"]
[Round "1.6"]
[White "Libiszewski, Fabien"]
[Black "Delabaca, Romuald"]
[Result "1-0"]
[WhiteElo "2511"]
[BlackElo "2360"]
[Annotator "TA"]
[PlyCount "57"]
[EventDate "2019.05.18"]
[EventType "team-tourn"]
[EventCountry "FRA"]
[SourceTitle "playchess.com"]
[Source "ChessBase"]
[SourceQuality "1"]

{[%evp 22,57,25,29,22,21,20,34,42,38,53,42,42,50,72,60,86,36,50,46,40,48,37,41,58,43,56,67,68,62,209,217,199,91,110,89,282,273]} 1. e4 e5 2. Nf3 Nc6 3. Bb5 a6 4. Ba4 Nf6 5. O-O Be7 6. Re1 b5 7. Bb3 d6 8. c3 O-O 9. h3 Na5 10. Bc2 c5 11. d4 Nd7 12. a4 b4 {C96: Closed Ruy Lopez: Chigorin Defence: 11 d4, replies other than 11...Qc7} 13. cxb4 (13. Nbd2 Rb8 14. Nf1 b3 15. Bd3 exd4 16. cxd4 c4 17. Be2 c3 18. Ng3 Nf6 19. Bd3 Nc6 20. d5 {0-1 (37) Quesada Perez,Y (2627)-Caruana,F (2811) chess.com INT 2018}) 13... cxb4 14. Nbd2 Bf6 {White is slightly better.} 15. Nb3 Bb7 16. d5 Nxb3 $146 ({Predecessor:} 16... Rc8 17. Nxa5 Qxa5 18. Be3 Be7 19. Nd2 Kh8 20. Bb3 {1-0 (52) Khanas,V (2184)-Lipsits,S (1840) ICCF email 2017}) 17. Bxb3 a5 18. Be3 Qb8 19. Rc1 Bd8 20. Bc4 Bb6 $1 21. Bxb6 Nxb6 22. Bb5 Rc8 23. Qe2 Rxc1 24. Rxc1 Qd8 25. Nd2 Rc8 ({Better is} 25... h6 $14) 26. Rxc8 $18 Nxc8 27. Qg4 (27. Ba6 $18 {has better winning chances.} Bxa6 28. Qxa6) 27... Kf8 28. Nb3 {aiming for Nxa5!} Ne7 $2 {[#]} (28... Na7 $16 {was necessary.}) 29. Qd7 $1 {[%mdl 512] Accuracy: White = 73%, Black = 30%.} 1-0

[Event "FRA-chT Top 12 2019"]
[Site "Brest"]
[Date "2019.05.18"]
[Round "1.6"]
[White "Barbot, Pierre"]
[Black "Colin, Vincent"]
[Result "1-0"]
[WhiteElo "2439"]
[BlackElo "2383"]
[Annotator "NA"]
[PlyCount "83"]
[EventDate "2019.05.18"]
[EventType "team-tourn"]
[EventCountry "FRA"]
[SourceTitle "playchess.com"]
[Source "ChessBase"]
[SourceQuality "1"]
[TimeControl "40/5400+30:1800+30"]

1. d4 {[%emt 0:00:00]} Nf6 {[%emt 0:02:23]} 2. c4 {[%emt 0:00:00]} g6 {[%emt 0:00:06]} 3. Nc3 {[%emt 0:00:00]} Bg7 {[%emt 0:00:05]} 4. e4 {[%emt 0:00:00]} d6 {[%emt 0:00:05]} 5. Bd3 {[%emt 0:00:00]} O-O {[%emt 0:00:30]} 6. Nge2 {[%emt 0:00:00]} c5 {[%emt 0:00:11]} 7. d5 {[%emt 0:00:00]} e6 {[%emt 0:00:08]} 8. Bg5 {[%emt 0:00:04]} h6 {[%emt 0:00:48]} 9. Bh4 {[%emt 0:00:04]} exd5 {[%emt 0:00:08]} 10. exd5 {[%emt 0:00:04]} Nbd7 {[%emt 0:00:11]} 11. f4 {[%emt 0:00:06]} g5 {[%emt 0:00:09]} 12. Bg3 {[%emt 0:00:06]} Ng4 {[%emt 0:00:13]} 13. Qd2 {[%emt 0:01:52]} Bd4 {[%emt 0:02:21]} 14. Nxd4 {[%emt 0:01:30]} cxd4 {[%emt 0:00:11]} 15. Ne2 {[%emt 0:00:02]} Ne3 {[%emt 0:01:24]} 16. Nxd4 {[%emt 0:01:52]} Re8 {[%emt 0:03:21]} 17. Kf2 {[%emt 0:00:18]} Qf6 {[%emt 0:15:42]} 18. Rhe1 $11 {[%emt 0:22:53]} gxf4 {[%emt 0:08:54]} 19. Kg1 {[%emt 0:00:28]} Nc5 {[%emt 0:10:52]} 20. Bf2 {[%emt 0:21:57]} Ne4 {[%emt 0:03:32]} 21. Bxe4 {[%emt 0:01:15]} Rxe4 {[%emt 0:00:05]} 22. Nf3 {[%emt 0:02:37]} Bg4 {[%emt 0:04:34]} 23. Bxe3 {[%emt 0:09:41]} Bxf3 {[%emt 0:01:43]} 24. Bxa7 {[%emt 0:08:49]} Qg6 {[%emt 0:08:19]} 25. Rxe4 {[%emt 0:01:29]} Bxe4 {[%emt 0:03:36]} 26. Bd4 {[%emt 0:00:02]} f3 {[%emt 0:02:54]} 27. g3 {[%emt 0:09:36]} Bb1 {[%emt 0:05:51]} 28. Qd1 {[%emt 0:02:43]} Be4 {[%emt 0:02:47]} 29. Qd2 {[%emt 0:00:22]} Bb1 {[%emt 0:01:26]} 30. Qd1 {[%emt 0:00:02]} Be4 {[%emt 0:00:09]} 31. Bc3 {[%emt 0:01:55]} f2+ {[%emt 0:01:10]} 32. Kxf2 {[%emt 0:00:03]} Qf5+ {[%emt 0:00:14]} 33. Kg1 {[%emt 0:00:15]} Bd3 {[%emt 0:00:09]} 34. Qd2 {[%emt 0:02:11]} f6 {[%emt 0:08:33]} 35. Rd1 {[%emt 0:08:19]} Bxc4 {[%emt 0:00:52]} 36. b3 {[%emt 0:00:02]} Ba6 {[%emt 0:00:54]} 37. Re1 {[%emt 0:03:35]} Rc8 {[%emt 0:00:53]} 38. Qxh6 {[%emt 0:00:32]} Kf7 {[%emt 0:00:57]} 39. Qe3 {[%emt 0:00:02]} Qxd5 {[%emt 0:01:44]} 40. Qe7+ {[%emt 0:00:31]} Kg6 {[%emt 0:05:50]} 41. Qxf6+ {[%emt 0:30:05]} Kh5 {[%emt 0:30:05]} 42. Qh4+ {[%emt 0:00:19]} 1-0

[Event "FRA-chT Top 12 2019"]
[Site "Brest"]
[Date "2019.05.18"]
[Round "1.6"]
[White "Burri, Quentin"]
[Black "Thomas, Anysia"]
[Result "1-0"]
[WhiteElo "2425"]
[BlackElo "2178"]
[Annotator "TA"]
[PlyCount "67"]
[EventDate "2019.05.18"]
[EventType "team-tourn"]
[EventCountry "FRA"]
[SourceTitle "playchess.com"]
[Source "ChessBase"]
[SourceQuality "1"]

{[%evp 9,107,28,44,28,40,32,26,30,181,30,34,10,8,0,0,0,0,0,0,-52,-53,-37,-22,-40,0,0,0,0,0,0,0,0,0,0,0,0,89,84,60,0,0,0,297,292,301,287,299,277,400,379,580,581,528,508,687,663,620,585,527,350,535,502,554,544,497,477,475,453,470,444,436,470,424,344,264,52,493,129,391,389,389,363,542,560,5026,5026,29962,29961,29982,29983,29983,29984,29984,29985,29985,29986,29986,29985,29997,29998]} 1. e4 c6 2. d4 g6 3. Nc3 d5 4. e5 Nh6 (4... Bg7 5. f4 Nh6 6. Nf3 O-O 7. h3 Nf5 8. Bd3 Ng3 9. Rg1 f5 10. Bd2 b6 11. Nh2 c5 12. Be3 cxd4 13. Bxd4 Nc6 14. Nf3 Bb7 {1-0 (64) Jones,G (2682)-Howell,D (2696) London 2018}) 5. f4 Bg4 6. Qd2 {B15: Caro-Kann: 3 Nc3: 3...g6 and 3...dxe4 4 Nxe4 Nf6 5 Nxf6+ exf6} e6 7. h3 $146 ({Predecessor:} 7. Qf2 Be7 8. h3 Bh5 9. Bd3 Nf5 10. Nge2 Na6 11. a3 c5 12. Bxf5 gxf5 {1-0 (37) Ponomariov,R (2550)-Delemarre,J (2360) Siofok 1996}) 7... Qh4+ 8. Qf2 {White has an edge.} Qxf2+ 9. Kxf2 Bf5 10. Be3 Bxc2 11. Rc1 Be4 12. Nxe4 dxe4 13. g4 Ng8 14. Bc4 ({White should try} 14. Ne2 $11) 14... Nd7 $15 15. Ne2 Nb6 16. Bb3 Nd5 17. Ng3 f5 18. Bxd5 cxd5 19. gxf5 exf5 20. Rc7 $36 {[%mdl 2048] White has good play.} Rb8 $1 21. Rhc1 Ne7 22. Ne2 Nc6 (22... Rg8 $11) 23. Nc3 $1 $16 {[%cal Rc3d5]} Nb4 24. Ke2 ({White should play} 24. Kf1 $1 $14) 24... Be7 $11 25. e6 Nd3 $2 {[%mdl 8192]} (25... Rg8 $1 $11 {and Black is okay.}) 26. Nxd5 $18 Nxc1+ 27. Bxc1 Bd8 {[#]} 28. Rg7 $1 Kf8 (28... Rc8 $142) 29. Rd7 Ke8 (29... Bh4 {is a better defense.} 30. Bd2 Rd8) 30. Bd2 Rc8 31. Rxb7 h6 32. e7 {Threatening mate with Nf6+.} Bc7 33. Nxc7+ Kxe7 34. d5 {Played: Nc7-d5} 1-0

[Event "FRA-chT Top 12 2019"]
[Site "Brest"]
[Date "2019.05.18"]
[Round "1.6"]
[White "Dornbusch, Tatiana"]
[Black "Charmeteau, Sven"]
[Result "1/2-1/2"]
[WhiteElo "2285"]
[BlackElo "2292"]
[Annotator "NA RC"]
[PlyCount "134"]
[EventDate "2019.05.18"]
[EventType "team-tourn"]
[EventCountry "FRA"]
[SourceTitle "playchess.com"]
[Source "ChessBase"]
[SourceQuality "1"]
[TimeControl "40/5400+30:1800+30"]

1. d4 {[%emt 0:00:00]} Nf6 {[%emt 0:00:00]} 2. Nf3 {[%emt 0:01:48]} g6 {[%emt 0:00:00]} 3. g3 {[%emt 0:01:15]} Bg7 {[%emt 0:00:00]} 4. Bg2 {[%emt 0:00:08]} O-O {[%emt 0:00:04]} 5. c4 {[%emt 0:01:57]} d5 {[%emt 0:00:36]} 6. O-O {[%emt 0:02:24]} dxc4 {[%emt 0:04:33]} 7. Ne5 {[%emt 0:11:16]} c5 {[%emt 0:09:11]} 8. dxc5 {[%emt 0:03:34]} Qc7 {[%emt 0:00:25] D77: Fianchetto Grünfeld: 6 0-0: Replies other than 6...c6} 9. c6 {[%emt 0:13:16]} (9. Nxc4 Qxc5 10. Nba3 Nc6 11. e4 Rd8 12. Be3 Nd4 13. h3 Be6 14. Rc1 Rac8 15. e5 Ne8 16. Nd6 exd6 17. Rxc5 dxc5 18. Bxb7 {0-1 (38) Ladva,O (2531)-Kantans,T (2531) Viljandi 2017}) 9... Nxc6 {[%emt 0:06:11]} 10. Nxc6 {[%emt 0:00:16]} bxc6 {[%emt 0:00:05]} 11. Qc2 {[%emt 0:16:43]} Be6 {[%emt 0:04:11]} 12. Na3 $146 {[%emt 0:01:24]} ({Predecessor:} 12. Bd2 Nd5 13. Na3 Qe5 14. e4 Qxb2 15. exd5 Bxd5 16. Qxb2 Bxb2 {1-0 (56) Perez Garcia,A (2322)-Dominguez Fernandez,A (1988) Salobrena 2015}) 12... c3 {[%emt 0:10:08]} 13. Qxc3 {[%emt 0:05:23]} Nd5 {[%emt 0:00:39]} 14. Qc5 {[%emt 0:09:03]} Qb6 {[%emt 0:43:16]} 15. Qxb6 {[%emt 0:00:36]} axb6 {[%emt 0:00:44]} 16. Nc2 {[%emt 0:00:55]} Ra4 {[%emt 0:00:55]} 17. a3 {[%emt 0:03:35]} Rc8 {[%emt 0:09:26]} 18. e4 {[%emt 0:05:16]} Nc7 {[%emt 0:00:58]} 19. Bg5 {[%emt 0:05:36]} Bb3 {[%emt 0:00:40]} 20. Nb4 {[%emt 0:00:52]} Ne6 {[%emt 0:06:12]} 21. Bxe7 {[%emt 0:00:35]} Be5 {[%emt 0:01:04]} 22. Nd3 {[%emt 0:05:43]} Bd4 {[%emt 0:00:02]} 23. Bd6 {[%emt 0:02:57]} c5 {[%emt 0:00:21]} 24. Nf4 {[%emt 0:03:07]} Rd8 {[%emt 0:01:35]} 25. Nxe6 {[%emt 0:00:52]} Rxd6 {[%emt 0:00:26]} 26. Nxd4 {[%emt 0:00:11]} Rdxd4 {[%emt 0:00:36]} 27. f4 {[%emt 0:01:00]} Rd2 {[%emt 0:00:40]} 28. Rf2 {[%emt 0:00:13]} Rad4 {[%emt 0:00:25]} 29. Raf1 {[%emt 0:00:27]} Bc4 {[%emt 0:00:23]} 30. Rxd2 {[%emt 0:00:20]} Rxd2 {[%emt 0:00:03]} 31. Rf2 {[%emt 0:00:06]} Rd1+ {[%emt 0:00:11]} 32. Bf1 {[%emt 0:00:16]} Bd3 {[%emt 0:01:25]} 33. e5 {[%emt 0:01:22]} Rb1 {[%emt 0:00:05]} 34. a4 {[%emt 0:03:53]} c4 {[%emt 0:00:26]} 35. Kg2 {[%emt 0:00:19]} Bxf1+ {[%emt 0:00:09]} 36. Rxf1 {[%emt 0:00:02]} Rxb2+ {[%emt 0:00:08]} 37. Kf3 {[%emt 0:00:21]} c3 {[%emt 0:01:43]} 38. Rc1 {[%emt 0:00:41]} c2 {[%emt 0:00:32]} 39. Ke2 {[%emt 0:00:24]} Ra2 {[%emt 0:00:15]} 40. Kd3 {[%emt 0:00:39]} Rxa4 {[%emt 0:00:41]} 41. Rxc2 {[%emt 0:30:13]} Rb4 {[%emt 0:30:34]} 42. Rc8+ {[%emt 0:00:00]} Kg7 {[%emt 0:00:00]} 43. Kc3 {[%emt 0:00:00]} Rb1 {[%emt 0:00:00]} 44. Rb8 {[%emt 0:00:00]} h5 {[%emt 0:00:00]} 45. Rb7 {[%emt 0:00:00]} Kf8 {[%emt 0:00:00]} 46. Kd4 {[%emt 0:00:00]} Rb5 {[%emt 0:00:00]} 47. Kc4 {[%emt 0:00:00]} Rb2 {[%emt 0:00:00]} 48. Kd5 {[%emt 0:00:00]} Rxh2 {[%emt 0:01:52]} 49. Rxb6 {[%emt 0:00:00]} Re2 {[%emt 0:01:00]} 50. Rb3 {[%emt 0:00:00]} Kg7 {[%emt 0:00:24]} 51. Kd6 {[%emt 0:00:00]} Rf2 $11 {[%emt 0:01:35]} 52. Rb7 {[%emt 0:05:50]} Ra2 {[%emt 0:00:11]} 53. Ke7 {[%emt 0:00:45]} Ra4 {[%emt 0:00:42]} 54. Ke8 {[%emt 0:00:23]} Kg8 {[%emt 0:00:04]} 55. e6 {[%emt 0:00:41]} fxe6 {[%emt 0:00:52]} 56. Ke7 {[%emt 0:00:13]} Kg7 {[%emt 0:00:41]} 57. Kxe6+ {[%emt 0:00:09]} Kh6 {[%emt 0:00:01]} 58. Rb8 {[%emt 0:01:01]} Ra3 {[%emt 0:00:33]} 59. Kf6 {[%emt 0:00:19]} Ra6+ {[%emt 0:00:25]} 60. Kf7 {[%emt 0:00:03]} Kh7 {[%emt 0:00:26]} 61. Rb5 {[%emt 0:00:36]} Ra3 {[%emt 0:01:09]} 62. Rg5 {[%emt 0:00:31]} Ra7+ {[%emt 0:00:33]} 63. Kf6 {[%emt 0:00:13]} Ra6+ {[%emt 0:00:25]} 64. Kf7 {[%emt 0:00:14]} Kh6 {[%emt 0:00:14]} 65. Re5 {[%emt 0:01:15]} Ra3 {[%emt 0:00:39]} 66. Rg5 {[%emt 0:00:20]} Ra7+ {[%emt 0:00:38]} 67. Kf6 {[%emt 0:00:07]} Ra6+ {[%emt 0:00:24]} 1/2-1/2

[Event "FRA-chT Top 12 2019"]
[Site "Brest"]
[Date "2019.05.18"]
[Round "1.7"]
[White "Maze, Sebastien"]
[Black "Demuth, Adrien"]
[Result "1/2-1/2"]
[WhiteElo "2579"]
[BlackElo "2517"]
[Annotator "TA"]
[PlyCount "47"]
[EventDate "2019.05.18"]
[EventType "team-tourn"]
[EventCountry "FRA"]
[SourceTitle "playchess.com"]
[Source "ChessBase"]
[SourceQuality "1"]

{[%evp 9,47,14,16,15,12,12,4,0,18,12,18,12,22,-24,-15,-18,-18,-20,-18,-16,-27,-13,-12,-16,-10,-7,0,0,0,0,0,0,0,0,0,-8,-12,-8,0,-16]} 1. e4 c5 2. Nc3 Nc6 3. Bb5 Nd4 4. Nf3 a6 5. Bd3 Nc6 6. O-O {B23: Closed Sicilian: Lines without g3} g6 (6... d6 7. b3 g6 8. Bb2 Bg7 9. h3 e6 10. Na4 e5 11. Nc3 Nge7 12. a4 {½-½ (76) Andreikin,D (2719)-Carlsen,M (2835) St Petersburg 2018}) 7. Nd5 Bg7 8. c3 e6 $146 ({Predecessor:} 8... d6 9. Ne3 Nf6 10. Bc2 O-O 11. d4 cxd4 12. cxd4 {0-1 (43) Zvjaginsev,V (2642)-Abdusattorov,N (2546) St Petersburg 2018}) 9. Re1 d6 {And now ...Ne5 would win.} 10. Ne3 Nge7 11. Bf1 d5 12. exd5 exd5 13. d4 cxd4 14. cxd4 O-O 15. b3 Nf5 {[%cal Rf5d4] The position is equal.} 16. Ba3 Re8 {[%cal Rf5d4]} 17. Nxd5 Rxe1 18. Qxe1 Nfxd4 19. Nxd4 Bxd4 20. Rd1 {Threatens to win with Nf6+!} Be6 $1 ({Wrong is} 20... Qxd5 $2 21. Qe8+ Kg7 22. Qf8+ Kf6 {[#]} 23. Be7+ $1 {[%mdl 512]} Nxe7 24. Rxd4 $1 $18 {[%mdl 512]}) 21. Nf4 Bg4 22. Be2 Qg5 23. Bxg4 {Hoping for Qe4.} Qxg4 24. Bc1 {Accuracy: White = 75%, Black = 74%.} 1/2-1/2

[Event "FRA-chT Top 12 2019"]
[Site "Brest"]
[Date "2019.05.18"]
[Round "1.7"]
[White "Koch, Jean-Rene"]
[Black "Gurevich, Mikhail"]
[Result "0-1"]
[WhiteElo "2465"]
[BlackElo "2566"]
[Annotator "TA"]
[PlyCount "96"]
[EventDate "2019.05.18"]
[EventType "team-tourn"]
[EventCountry "FRA"]
[SourceTitle "playchess.com"]
[Source "ChessBase"]
[SourceQuality "1"]

{[%evp 18,96,10,16,6,8,33,0,0,-10,38,10,40,-24,10,-44,-36,-136,-145,-137,-135,-258,-218,-207,-168,-175,-151,-158,-125,-274,-251,-254,-241,-243,-231,-239,-231,-228,-227,-237,-235,-228,-216,-336,-236,-293,-227,-366,-357,-332,-349,-427,-415,-432,-385,-450,-424,-400,-348,-346,-205,-557,-447,-610,-584,-897,-870,-909,-900,-922,-910,-868,-766,-1545,-1545,-1943,-1924,-2116,-1890,-2560,-2479]} 1. c4 f5 2. g3 Nf6 3. Bg2 d6 4. Nc3 g6 5. d3 Bg7 6. e4 Nc6 7. Nge2 e5 8. O-O O-O 9. Nd5 Be6 10. Bg5 Qd7 {A26: English Opening vs King's Indian with ...Nc6 and d3} 11. Qd2 Rf7 (11... Nh5 12. exf5 Bxf5 13. b4 Rae8 14. b5 Nd8 15. Bxd8 Rxd8 16. Nec3 c6 17. Nb4 Rc8 18. a4 {1-0 (41) Nisipeanu,L (2668)-Kozul,Z (2594) Bled 2016}) 12. Rac1 Raf8 {The position is equal.} 13. b4 {[%cal Bb2b4,Bb4b5][%mdl 32]} Nh5 14. b5 Nd8 15. f3 $146 (15. exf5 $14 Bxf5 16. Bxd8 Rxd8 17. Ne3) ({Predecessor:} 15. f4 c6 16. bxc6 bxc6 17. Ne3 fxe4 18. dxe4 exf4 19. Nxf4 Nxf4 20. gxf4 {0-1 (34) Lee,M (2244)-Serper,G (2512) Seattle 2008}) 15... c6 {Strongly threatening ...fxe4.} (15... f4 $5) 16. Ndc3 (16. exf5 $11 Bxf5 17. bxc6 bxc6 18. Ne3) 16... f4 $1 $15 17. g4 (17. gxf4 $15 Nxf4 18. Nxf4 exf4 19. Bh4) 17... Nf6 $17 18. h3 h5 19. Qe1 (19. gxh5 $17 {might work better.} Nxh5 20. h4) 19... hxg4 $19 20. hxg4 Nh7 21. Bh4 g5 22. Bf2 Bxg4 23. Bxa7 (23. fxg4 $17 {was the only defense.} f3 24. Bxa7) 23... Be6 24. Kf2 g4 {aiming for ...Bf6.} 25. Rh1 Ng5 26. Ng1 Bf6 27. Ke2 Rh7 28. Rxh7 Qxh7 29. Rc2 Qh5 {...gxf3+ is the strong threat.} 30. Qf1 (30. Qf2 {was worth a try.}) 30... Ndf7 31. Ke1 Kg7 32. a4 (32. Bb6 $142) 32... Bd8 33. Kd2 Ba5 34. Kc1 Ra8 35. b6 Rh8 36. Nd1 Kf6 37. fxg4 Bxg4 38. Ne3 Nh6 (38... Be6 $142 39. Kb1 Qh7) 39. d4 $2 (39. c5 {nothing else works.}) 39... Ke7 {Black is clearly winning.} 40. dxe5 dxe5 41. Nd5+ cxd5 42. cxd5 Qe8 43. Rc7+ Kf6 44. Qc4 Nhf7 {[#] And now ...Rh2 would win.} 45. d6 Rh2 46. Bf1 Rh1 47. d7 Bxd7 48. Qc5 {[#]} Bd2+ $1 {[%mdl 512] Accuracy: White = 29%, Black = 78%.} 0-1

[Event "FRA-chT Top 12 2019"]
[Site "Brest"]
[Date "2019.05.18"]
[Round "1.7"]
[White "Ludwig, Remi"]
[Black "Delorme, Axel"]
[Result "0-1"]
[WhiteElo "2312"]
[BlackElo "2489"]
[Annotator "TA"]
[PlyCount "82"]
[EventDate "2019.05.18"]
[EventType "team-tourn"]
[EventCountry "FRA"]
[SourceTitle "playchess.com"]
[Source "ChessBase"]
[SourceQuality "1"]

{[%evp 10,118,15,12,12,3,-18,-13,-9,-24,-24,-21,-15,-35,-23,-15,-33,-60,-67,-58,-58,-119,-118,-143,-138,-159,-90,-97,-75,-82,-39,-66,-58,-84,-91,-83,-87,-180,-180,-180,-180,-180,-180,-180,-179,-169,-169,-180,-180,-180,-180,-193,-181,-229,-227,-275,-266,-256,-269,-258,-252,-284,-235,-383,-372,-331,-340,-276,-180,-443,-401,-435,-187,-640,-631,-597,-590,-530,-435,-1979,-1978,-1978,-1978,-1970,-1970,-1978,-1970,-1970,-1840,-1840,-1821,-1821,-1821,-1783,-1725,-1579,-1125,-1742,-1674,-29970,-29970,-29970,-29970,-29969,-29967,-29972,-29970,-29970,-29972,-29972,0]} 1. d4 Nf6 2. c4 e6 3. Nf3 Bb4+ 4. Nbd2 O-O 5. e3 d5 6. Bd3 c5 {E11: Bogo-Indian} (6... dxc4 7. Bxc4 c5 8. dxc5 Bxc5 9. O-O Nc6 10. a3 Ng4 11. b4 Bxe3 12. fxe3 Nxe3 13. Qe2 Nxf1 14. Nxf1 Nd4 15. Qd3 Nxf3+ 16. gxf3 Qxd3 17. Bxd3 {½-½ (73) Giroyan,G (2407)-Bauer,C (2644) Cannes 2018}) 7. a3 Bxd2+ $1 8. Bxd2 cxd4 {The position is equal.} 9. exd4 dxc4 10. Bxc4 Nc6 11. O-O b6 12. Bg5 Bb7 13. b4 h6 $146 ({Predecessor:} 13... Ne7 14. Qb3 Rc8 15. Rac1 h6 16. Bxf6 gxf6 17. Rfd1 {0-1 (60) Reipsch,J (2230)-Moehn,H (2372) Germany 2015}) 14. Bh4 Ne7 15. Ne5 ({Better is} 15. Bd3 $15) 15... Nf5 $1 $17 {[%cal Rf5h4]} 16. Bxf6 Qxf6 ({Reject} 16... gxf6 $6 17. Ng4 $11) 17. g4 {[#]} Nd6 (17... h5 $142 $1 {[%mdl 512]} 18. Nd7 (18. gxh5 Rfd8) 18... Qh4) 18. Be2 {With the idea Nd7.} Qf4 19. Bf3 Rad8 20. Bxb7 Nxb7 21. Nc6 Rd7 $36 {[%mdl 2048] Black is in control.} 22. h3 Nd8 23. Rc1 (23. Qc1 $17 Qxc1 24. Rfxc1) 23... Nxc6 $19 24. Rxc6 Rxd4 25. Qe2 Rfd8 26. Rc3 Rd2 27. Qe3 Qxe3 28. Rxe3 {[%mdl 4096] Endgame KRR-KRR} R8d3 29. Rfe1 g5 30. Kg2 Kg7 31. Kf3 Kf6 32. Rc1 {[#]} Rxe3+ $1 33. Kxe3 {KR-KR} Ra2 34. Rc3 Ke5 35. Rd3 f5 36. gxf5 (36. Kf3 {might work better.}) 36... exf5 37. Kf3 h5 38. Kg2 h4 39. Kf3 $2 (39. b5) 39... Ra1 40. Kg2 g4 (40... b5 $142 41. Rc3 a6) 41. Rb3 $2 (41. b5) 41... b5 {Played: Ra1-a2} 0-1

[Event "FRA-chT Top 12 2019"]
[Site "Brest"]
[Date "2019.05.18"]
[Round "1.7"]
[White "Spielmann, Alain"]
[Black "Smith, Axel"]
[Result "0-1"]
[WhiteElo "2216"]
[BlackElo "2481"]
[Annotator "TA"]
[PlyCount "34"]
[EventDate "2019.05.18"]
[EventType "team-tourn"]
[EventCountry "FRA"]
[SourceTitle "playchess.com"]
[Source "ChessBase"]
[SourceQuality "1"]

{[%evp 17,34,-3,-2,-97,-100,-95,-106,-137,-93,-174,-161,-170,-133,-148,-135,-178,-174,-432,-437]} 1. d4 e6 2. Nf3 c5 3. c3 d5 4. Bf4 Bd6 5. Bxd6 Qxd6 6. e3 Nc6 7. Nbd2 Nf6 8. Bb5 O-O 9. O-O Bd7 10. Re1 {[#] D02: 1 d4 d5 2 Nf3 sidelines, including 2...Nf6 3 g3 and 2...Nf6 3 Bf4} (10. Qb3 $11 {remains equal.}) (10. a4 a6 11. Bd3 e5 12. dxc5 Qxc5 13. e4 Rad8 14. Qc2 Bg4 15. b4 Qd6 16. exd5 Qxd5 17. Bc4 Qd7 {0-1 (54) Schlosser,P (2509)-Ganguly,S (2676) Pardubice 2016}) 10... Nxd4 $1 $17 {[%mdl 64] Discovered Attack} 11. exd4 Bxb5 12. Ne5 $146 {Black is better.} ({Predecessor:} 12. Qb3 Ba6 13. Qa3 Rac8 14. Ne5 Rfd8 15. Qa4 Nd7 16. Ndf3 Nxe5 17. dxe5 Qe7 {0-1 (39) Gonzales,J (2464)-Fontaine,R (2524) Cannes 2006}) 12... Nd7 13. Qh5 (13. Nxd7 $17 {keeps fighting.} Bxd7 14. dxc5 Qxc5 15. Nb3) 13... cxd4 $19 {...g6 is the strong threat.} 14. cxd4 f6 15. Ng4 Bd3 16. Qh3 Bf5 {[#] Strongly threatening ...Qf4.} 17. Nf3 $2 (17. Qf3 {was necessary.}) 17... Qf4 0-1

[Event "FRA-chT Top 12 2019"]
[Site "Brest"]
[Date "2019.05.18"]
[Round "1.7"]
[White "Jeanne, Mickael"]
[Black "Ribbegren, Karl Johan"]
[Result "0-1"]
[WhiteElo "2150"]
[BlackElo "2209"]
[Annotator "NA"]
[PlyCount "74"]
[EventDate "2019.05.18"]
[EventType "team-tourn"]
[EventCountry "FRA"]
[SourceTitle "playchess.com"]
[Source "ChessBase"]
[SourceQuality "1"]
[TimeControl "40/5400+30:1800+30"]

1. e4 {[%emt 0:00:00]} d6 {[%emt 0:00:25]} 2. d4 {[%emt 0:00:13]} Nf6 {[%emt 0:00:33]} 3. Nc3 {[%emt 0:00:32]} c6 {[%emt 0:01:36]} 4. Be2 {[%emt 0:11:32]} Nbd7 {[%emt 0:02:49]} 5. Be3 {[%emt 0:03:38]} e5 {[%emt 0:01:00]} 6. a4 {[%emt 0:04:36]} Qc7 {[%emt 0:03:35]} 7. h3 {[%emt 0:01:45]} Be7 {[%emt 0:02:37]} 8. Nf3 {[%emt 0:00:18]} h6 {[%emt 0:06:08]} 9. O-O {[%emt 0:00:31]} g5 {[%emt 0:06:59]} 10. Nh2 {[%emt 0:03:14]} Nf8 {[%emt 0:04:00]} 11. Ng4 {[%emt 0:09:00]} Ng6 {[%emt 0:02:21]} 12. dxe5 {[%emt 0:03:28]} dxe5 {[%emt 0:00:25]} 13. Nxf6+ {[%emt 0:03:24]} Bxf6 {[%emt 0:00:11]} 14. Bc5 {[%emt 0:00:26]} Be7 {[%emt 0:02:22]} 15. Bxe7 {[%emt 0:04:52]} Qxe7 {[%emt 0:02:56]} 16. Bg4 {[%emt 0:05:25]} Bxg4 {[%emt 0:01:55]} 17. hxg4 {[%emt 0:06:00]} Rd8 {[%emt 0:05:30]} 18. Qf3 {[%emt 0:07:43]} Nh4 {[%emt 0:06:11]} 19. Qe2 {[%emt 0:01:33]} Qe6 {[%emt 0:18:06]} 20. Rad1 {[%emt 0:05:57]} h5 {[%emt 0:04:33]} 21. Rxd8+ {[%emt 0:02:33]} Kxd8 {[%emt 0:00:01]} 22. g3 {[%emt 0:00:26]} Ng6 {[%emt 0:01:36]} 23. Rd1+ {[%emt 0:04:40]} Ke7 {[%emt 0:03:23]} 24. gxh5 {[%emt 0:10:41]} Qh3 {[%emt 0:01:18]} 25. Qd3 {[%emt 0:06:07]} Kf8 {[%emt 0:01:42]} 26. Qd7 {[%emt 0:01:08]} Qxh5 {[%emt 0:01:10]} 27. Kf1 {[%emt 0:00:37]} Qf3 {[%emt 0:01:44]} 28. Ke1 {[%emt 0:01:55]} Rh1+ {[%emt 0:01:30]} 29. Kd2 {[%emt 0:00:04]} Qxf2+ {[%emt 0:00:55]} 30. Kc1 {[%emt 0:00:06]} Rxd1+ {[%emt 0:01:19]} 31. Nxd1 {[%emt 0:00:19]} Qxg3 {[%emt 0:00:19]} 32. Qxb7 {[%emt 0:00:14]} Qf4+ {[%emt 0:01:22]} 33. Kb1 {[%emt 0:00:07]} Qxe4 {[%emt 0:03:03]} 34. Qxa7 {[%emt 0:00:30]} Qe1 {[%emt 0:01:09]} 35. Qb8+ {[%emt 0:01:29]} Kg7 {[%emt 0:00:16]} 36. Qd6 {[%emt 0:00:09]} g4 {[%emt 0:00:19]} 37. Ka2 {[%emt 0:01:25]} g3 {[%emt 0:00:25]} 0-1